[Event "Barcelona Vila de Gracia op 6th"]
[Site "Barcelona"]
[Date "2012.10.26"]
[Round "4"]
[White "Morchon Lopez, Antoni"]
[Black "Gonzalez Rodriguez, Raul Omar"]
[Result "0-1"]
[WhiteElo "2007"]
[BlackElo "2189"]
[PlyCount "98"]
[EventDate "2012.09.28"]
[EventType "swiss"]
[EventRounds "9"]
[EventCountry "ESP"]
[SourceTitle "EXT 2015"]
[Source "ChessBase"]
[SourceDate "2014.11.20"]
[SourceVersion "1"]
[SourceVersionDate "2014.11.20"]
[SourceQuality "1"]

1. d4 Nf6 2. Nf3 g6 3. Bf4 Bg7 4. e3 0-0 5. h3 d6 6. Be2 Nbd7 7. 0-0 Qe8 8. c3 e5 9. dxe5 dxe5 10. Bh2 Qe7 11. Nbd2 e4 12. Nd4 Ne5 13. Nc4 Nxc4 14. Bxc4 a6 15. a4 h5 16. f4 Rd8 17. Qb3 c5 18. Ne2 Be6 19. Bxe6 Qxe6 20. Qxe6 fxe6 21. Rad1 Rd3 22. Nc1 Rdd8 23. Nb3 b6 24. a5 bxa5 25. Nxc5 Kf7 26. Bg3 Bf8 27. Nb7 Rdb8 28. Nxa5 Rxb2 29. Nc4 Rc2 30. Ne5+ Kg7 31. Bh4 Nd5 32. c4 Nxe3 33. Rd7+ Kg8 34. Rb1 Nxg2 35. Be7 Nxf4 36. Bxf8 Rxf8 37. Kh1 Rc3 38. c5 Rxh3+ 39. Kg1 Ne2+ 40. Kg2 Rg3+ 41. Kh1 Rh3+ 42. Kg2 Nf4+ 43. Kg1 Rg3+ 44. Kh1 e3 45. Rbb7 Rh3+ 46. Kg1 Ne2+ 47. Kg2 Rg3+ 48. Kh1 Rg1+ 49. Kh2 Rf2+ 0-1